000 00981cam a2200217 4500
001 WB3719-15
008 000000n2001 000 0 eng u
035 _a(Sirsi) u112656
245 _aCIRIA offers 'green' advice
260 _c2001
490 _aContract Journal
_v408(6327) 16 May 2001, 4(1)
520 _aThe Construction Industry Research and Information Association has established regional clubs that will offer free environmental advice to SMEs, to help them improve their environmental performance. Environmental Performance Improvement Clubs have been set up in South Wales, Yorkshire and the Midlands, funded by the DETR and the BOC Foundations.
590 _aWB
650 _aSMES
650 _aCONSTRUCTION INDUSTRY RESEARCH AND INFORMATION ASSOCIATION
650 _aENVIRONMENTAL PERFORMANCE IMPROVEMENT CLUBS
650 _aENVIRONMENTAL ADVICE
650 _aDETR
690 _aENVIRONMENTAL AND LAND CONSULTANCY-ENVIRONMENTAL MANAGEMENT
942 _n0
999 _c67056
_d67056